[Event "Mosquera op"]
[Site "Mosquera"]
[Date "2014.11.03"]
[Round "8"]
[White "Carvajal, Nolberto"]
[Black "Rodriguez Rueda, Paula Andrea"]
[Result "1/2-1/2"]
[WhiteElo "2326"]
[BlackElo "2335"]
[PlyCount "67"]
[EventDate "2014.10.30"]
[EventType "swiss"]
[EventRounds "9"]
[EventCountry "COL"]
[SourceTitle "EXT 2015"]
[Source "ChessBase"]
[SourceDate "2014.11.20"]
[SourceVersion "1"]
[SourceVersionDate "2014.11.20"]
[SourceQuality "1"]

1. e4 c5 2. Nf3 e6 3. Nc3 a6 4. g3 Nc6 5. Bg2 g6 6. d4 cxd4 7. Nxd4 Bg7 8. Be3 Nge7 9. h4 Ne5 10. h5 Nc4 11. Bc1 0-0 12. 0-0 Nc6 13. Nde2 b5 14. b3 Nb6 15. Bb2 b4 16. Na4 Nxa4 17. Bxg7 Kxg7 18. bxa4 Qa5 19. hxg6 hxg6 20. Nd4 e5 21. Nb3 Qxa4 22. f4 exf4 23. gxf4 Qb5 24. e5 Rb8 25. Qd6 Nd8 26. Rad1 Qb6+ 27. Nc5 Qxd6 28. Rxd6 Ne6 29. Nxd7 Bxd7 30. Rxd7 Rbd8 31. Ra7 Nc5 32. Rc7 Rc8 33. Ra7 Rcd8 34. Rc7 1/2-1/2

[Event "Mosquera op"]
[Site "Mosquera"]
[Date "2014.10.30"]
[Round "1"]
[White "Carvajal, Nolberto"]
[Black "Tirado, Juan Camilo"]
[Result "1-0"]
[WhiteElo "2326"]
[BlackElo "2043"]
[PlyCount "55"]
[EventDate "2014.10.30"]
[EventType "swiss"]
[EventRounds "9"]
[EventCountry "COL"]
[SourceTitle "EXT 2015"]
[Source "ChessBase"]
[SourceDate "2014.11.20"]
[SourceVersion "1"]
[SourceVersionDate "2014.11.20"]
[SourceQuality "1"]

1. d4 d5 2. Bf4 Nf6 3. e3 e6 4. c3 Be7 5. Nd2 0-0 6. Ngf3 b6 7. Ne5 Bb7 8. Bd3 Nbd7 9. Qf3 Ne8 10. h4 f5 11. Qg3 Ndf6 12. h5 Ne4 13. Nxe4 dxe4 14. Bb5 Bd6 15. h6 g6 16. 0-0-0 Qe7 17. Bg5 Nf6 18. Qh4 Bxe5 19. dxe5 Qc5 20. Bxf6 Qxb5 21. g4 Qc4 22. Rd7 Rf7 23. Rxf7 Kxf7 24. Bd8 Rxd8 25. Qxd8 Qxa2 26. Qxc7+ Ke8 27. Qb8+ Ke7 28. Qxb7+ 1-0

[Event "Puerto Boyaca op"]
[Site "Puerto Boyaca"]
[Date "2012.04.27"]
[Round "2"]
[White "Franco Valencia, Beatriz Irene"]
[Black "Carvajal, Nolberto"]
[Result "1/2-1/2"]
[WhiteElo "2213"]
[BlackElo "2356"]
[PlyCount "46"]
[EventDate "2012.04.26"]
[EventType "swiss"]
[EventRounds "10"]
[EventCountry "COL"]
[SourceTitle "CBM 148 Extra"]
[Source "ChessBase"]
[SourceDate "2012.06.22"]
[SourceVersion "1"]
[SourceVersionDate "2012.06.22"]
[SourceQuality "1"]

1. d4 Nf6 2. c4 g6 3. Nf3 Bg7 4. g3 0-0 5. Bg2 d6 6. Nc3 c6 7. 0-0 Qa5 8. h3 Be6 9. Qd3 Qa6 10. b3 d5 11. Nd2 Rd8 12. Bb2 Nbd7 13. a4 dxc4 14. bxc4 Nb6 15. Nb5 Rac8 16. Rfc1 Nxa4 17. Rxa4 Qxa4 18. Ra1 Qb4 19. Bc3 Bxc4 20. Nxc4 Qxb5 21. Ra5 Qb3 22. Ra3 Qb5 23. Ra5 Qb3 1/2-1/2

[Event "Valle Region-ch"]
[Site "Cali"]
[Date "2012.03.17"]
[Round "3.6"]
[White "Salazar, Marco A"]
[Black "Carvajal, Nolberto"]
[Result "0-1"]
[WhiteElo "1885"]
[BlackElo "2356"]
[PlyCount "28"]
[EventDate "2012.03.16"]
[EventType "swiss"]
[EventRounds "7"]
[EventCountry "COL"]
[SourceTitle "EXT 2024"]
[Source "ChessBase"]
[SourceDate "2023.10.10"]
[SourceVersion "1"]
[SourceVersionDate "2023.10.10"]
[SourceQuality "1"]

1. e4 c5 2. Nf3 g6 3. d4 cxd4 4. Qxd4 Nf6 5. e5 Nc6 6. Qc3 Nd5 7. Qc4 Nb6 8. Qb3 Bg7 9. Bf4 Qc7 10. Qe3 Nd5 11. Qe4 Nxf4 12. Qxf4 Nxe5 13. Nxe5 Bxe5 14. Qb4 Qxc2 0-1

[Event "COL-ch sf"]
[Site "Santa Rosa"]
[Date "2011.06.26"]
[Round "9"]
[White "Guerrero Sierra, Juan Carlos"]
[Black "Carvajal, Nolberto"]
[Result "1-0"]
[WhiteElo "2240"]
[BlackElo "2310"]
[PlyCount "131"]
[EventDate "2011.06.22"]
[EventType "swiss"]
[EventRounds "11"]
[EventCountry "COL"]
[SourceTitle "CBM 143 Extra"]
[Source "ChessBase"]
[SourceDate "2011.08.29"]
[SourceVersion "1"]
[SourceVersionDate "2011.08.29"]
[SourceQuality "1"]

1. d4 Nf6 2. c4 g6 3. Nc3 Bg7 4. e4 d6 5. Be2 0-0 6. Nf3 Bg4 7. Be3 Nfd7 8. Ng1 Bxe2 9. Ngxe2 a6 10. Qd2 c5 11. 0-0 Nc6 12. Rfd1 cxd4 13. Nxd4 Nce5 14. b3 Ng4 15. Bg5 Rc8 16. f3 Ngf6 17. Rac1 Re8 18. Kh1 Qa5 19. Be3 Rc7 20. Nc2 Rec8 21. a4 Qh5 22. Nb4 e6 23. Nd3 Ne8 24. Ne2 h6 25. Nef4 Qh4 26. g3 Qf6 27. Kg2 Qe7 28. Ne2 Kh7 29. Nf2 Nc5 30. Qa2 Nd7 31. a5 f5 32. Qb1 Nef6 33. Qd3 d5 34. cxd5 fxe4 35. Nxe4 Nxd5 36. Rxc7 Rxc7 37. Nf4 Ne5 38. Nxd5 Qf7 39. Ndf6+ Bxf6 40. Qe2 Nc6 41. Bb6 Re7 42. Bc5 Rc7 43. Nd6 Qg8 44. Bb6 Re7 45. Ne4 Bg7 46. Bc5 Rc7 47. b4 e5 48. Rd6 Nd4 49. Qd3 Qf7 50. h4 Nf5 51. Rd8 Qa2+ 52. Nf2 Rf7 53. h5 Qe6 54. Qe4 Qf6 55. Rb8 Qg5 56. hxg6+ Qxg6 57. Qg4 Nd4 58. Qc8 h5 59. Bxd4 exd4 60. Rxb7 Rxb7 61. Qxb7 h4 62. Qe4 hxg3 63. Nd3 Qxe4 64. fxe4 Bf8 65. Kxg3 Kg6 66. Kf4 1-0

[Event "COL-ch sf"]
[Site "Santa Rosa"]
[Date "2011.06.24"]
[Round "5"]
[White "Martinez Romero, Martin"]
[Black "Carvajal, Nolberto"]
[Result "1/2-1/2"]
[WhiteElo "2214"]
[BlackElo "2310"]
[PlyCount "66"]
[EventDate "2011.06.22"]
[EventType "swiss"]
[EventRounds "11"]
[EventCountry "COL"]
[SourceTitle "CBM 143 Extra"]
[Source "ChessBase"]
[SourceDate "2011.08.29"]
[SourceVersion "1"]
[SourceVersionDate "2011.08.29"]
[SourceQuality "1"]

1. e4 c5 2. Nf3 g6 3. d4 cxd4 4. Qxd4 Nf6 5. Nc3 Nc6 6. Qa4 Bg7 7. e5 Ng8 8. Bf4 f6 9. 0-0-0 fxe5 10. Bg3 Nf6 11. Nxe5 Nxe5 12. Bxe5 0-0 13. Bc4+ Kh8 14. Rhe1 d6 15. Bd4 Bd7 16. Qb3 Bc6 17. f3 Nh5 18. Bxg7+ Nxg7 19. Ne4 Qa5 20. Qc3 Qh5 21. Ng3 Qh4 22. Rd4 Qf6 23. Qd2 Rac8 24. Bb3 Rc7 25. Rd1 b6 26. Qh6 Nf5 27. Nxf5 gxf5 28. Rh4 Qxh6+ 29. Rxh6 Kg7 30. Re6 Rf6 31. Rd4 Rxe6 32. Bxe6 Kf6 33. Bb3 Be8 1/2-1/2

[Event "Cali IRT Deptal Valle-ch"]
[Site "Cali"]
[Date "2011.04.20"]
[Round "5.1"]
[White "Alvarez, Javier"]
[Black "Carvajal, Nolberto"]
[Result "0-1"]
[WhiteElo "2189"]
[BlackElo "2296"]
[PlyCount "110"]
[EventDate "2011.03.18"]
[EventType "swiss"]
[EventRounds "8"]
[EventCountry "COL"]
[SourceTitle "EXT 2024"]
[Source "ChessBase"]
[SourceDate "2023.10.10"]
[SourceVersion "1"]
[SourceVersionDate "2023.10.10"]
[SourceQuality "1"]

1. e4 c5 2. Nf3 g6 3. d4 cxd4 4. Qxd4 Nf6 5. e5 Nc6 6. Qa4 Nd5 7. Qe4 Nb6 8. Bb5 d5 9. exd6 Qxd6 10. 0-0 Bf5 11. Qe2 Bg7 12. Nc3 0-0 13. Rd1 Qc7 14. Be3 e5 15. a4 Rfd8 16. a5 Rxd1+ 17. Qxd1 Rd8 18. Qe2 Nc8 19. Bg5 f6 20. Bc4+ Kh8 21. Nb5 Qe7 22. Be3 a6 23. Nc3 Nd4 24. Bxd4 exd4 25. Qxe7 Nxe7 26. Ne2 Nc6 27. Bd3 Bxd3 28. cxd3 Rd5 29. Nf4 Rb5 30. Ra2 f5 31. Ne6 Kg8 32. Kf1 Bf6 33. Ra4 Rxb2 34. Nexd4 Nb4 35. Ra3 Bxd4 36. Nxd4 Rd2 37. Rb3 Nxd3 38. Rxb7 Rxf2+ 39. Kg1 Ra2 40. h4 Nf4 41. g3 Nh5 42. Rb8+ Kf7 43. Rb7+ Kf6 44. Rb6+ Ke5 45. Nf3+ Kd5 46. Rxa6 Nxg3 47. Ng5 h6 48. Nf7 f4 49. Rxg6 Ke4 50. Re6+ Kf5 51. Re8 f3 52. Nxh6+ Kf4 53. Rf8+ Ke4 54. Re8+ Kd5 55. Rf8 Rg2# 0-1

[Event "Cali IRT Deptal Valle-ch"]
[Site "Cali"]
[Date "2011.04.20"]
[Round "6.1"]
[White "Sanchez, Andres Gilberto"]
[Black "Carvajal, Nolberto"]
[Result "0-1"]
[WhiteElo "1886"]
[BlackElo "2296"]
[PlyCount "76"]
[EventDate "2011.03.18"]
[EventType "swiss"]
[EventRounds "8"]
[EventCountry "COL"]
[SourceTitle "EXT 2024"]
[Source "ChessBase"]
[SourceDate "2023.10.10"]
[SourceVersion "1"]
[SourceVersionDate "2023.10.10"]
[SourceQuality "1"]

1. d4 Nf6 2. c4 g6 3. Nc3 Bg7 4. e4 d6 5. Nf3 0-0 6. Be2 Bg4 7. 0-0 Nfd7 8. Be3 a6 9. Ng5 Bxe2 10. Qxe2 Nc6 11. Rfd1 Nxd4 12. Rxd4 Bxd4 13. Bxd4 e5 14. Be3 Nf6 15. h3 c6 16. Rd1 Qe7 17. c5 dxc5 18. Na4 Nd7 19. Qd2 Rfd8 20. Qd6 Qxd6 21. Rxd6 c4 22. Nf3 f6 23. Nd2 b5 24. Nc3 Rac8 25. a3 Kf7 26. Nf3 Nf8 27. Rxd8 Rxd8 28. Kf1 Ne6 29. Na2 Rd1+ 30. Ke2 Rb1 31. Nb4 Rxb2+ 32. Kd1 a5 33. Nxc6 b4 34. axb4 axb4 35. Nd2 c3 36. Nc4 b3 37. Bc1 Rb1 38. Nb4 b2 0-1

[Event "Capablanca Memorial op 44th"]
[Site "Havana"]
[Date "2009.06.08"]
[Round "1"]
[White "Martinez Duany, Lelys Stanley"]
[Black "Carvajal, Nolberto"]
[Result "1-0"]
[WhiteElo "2520"]
[BlackElo "2330"]
[PlyCount "59"]
[EventDate "2009.06.08"]
[EventType "swiss"]
[EventRounds "10"]
[EventCountry "CUB"]
[SourceTitle "CBM 130 Extra"]
[Source "ChessBase"]
[SourceDate "2009.07.02"]
[SourceVersion "2"]
[SourceVersionDate "2009.07.15"]
[SourceQuality "1"]

1. e4 e6 2. d4 d5 3. Nc3 Bb4 4. e5 Ne7 5. Bd2 c5 6. dxc5 Nbc6 7. f4 0-0 8. Bd3 Nf5 9. Nf3 f6 10. exf6 Qxf6 11. Qe2 Ncd4 12. Nxd4 Nxd4 13. Qe3 Bxc5 14. Qh3 g6 15. 0-0-0 a6 16. Qg3 Bd6 17. Rdf1 Qg7 18. h4 Nf5 19. Qe1 Bd7 20. h5 Rf7 21. hxg6 hxg6 22. g4 Ne7 23. f5 exf5 24. gxf5 Nxf5 25. Bxf5 Re8 26. Qxe8+ Bxe8 27. Be6 g5 28. Nxd5 Be5 29. Ne7+ Kf8 30. Bb4 1-0

[Event "Cali op"]
[Site "Cali"]
[Date "2008.12.27"]
[Round "4"]
[White "Carvajal, Nolberto"]
[Black "Delgado Ramirez, Neuris"]
[Result "0-1"]
[WhiteElo "2293"]
[BlackElo "2549"]
[PlyCount "38"]
[EventDate "2008.12.26"]
[EventType "swiss"]
[EventRounds "9"]
[EventCountry "COL"]
[SourceTitle "CBM 128 Extra"]
[Source "ChessBase"]
[SourceDate "2009.03.05"]
[SourceVersion "2"]
[SourceVersionDate "2009.03.25"]
[SourceQuality "1"]

1. e4 c5 2. Nf3 d6 3. d4 cxd4 4. Qxd4 a6 5. c4 Nc6 6. Qd2 g6 7. b3 Bg7 8. Bb2 Bxb2 9. Qxb2 Nf6 10. Nc3 Qa5 11. a3 0-0 12. Be2 Bg4 13. 0-0 Bxf3 14. Bxf3 Nd4 15. Bd1 e5 16. f4 exf4 17. Nd5 Nxd5 18. Qxd4 Ne3 19. Rxf4 Qe1+ 0-1

[Event "Cali qual"]
[Site "Cali"]
[Date "2008.05.04"]
[Round "7"]
[White "Ossa, Orlando Jose"]
[Black "Carvajal, Nolberto"]
[Result "1/2-1/2"]
[WhiteElo "2242"]
[BlackElo "2296"]
[PlyCount "56"]
[EventDate "2008.05.01"]
[EventType "swiss"]
[EventRounds "9"]
[EventCountry "COL"]
[SourceTitle "CBM 124 Extra"]
[Source "ChessBase"]
[SourceDate "2008.07.03"]
[SourceVersion "1"]
[SourceVersionDate "2008.07.03"]
[SourceQuality "1"]

1. e4 e6 2. Nf3 c5 3. b4 cxb4 4. d4 d5 5. e5 Nc6 6. a3 Bd7 7. axb4 Nxb4 8. c3 Nc6 9. Bd3 a6 10. Ng5 Be7 11. h4 Bxg5 12. hxg5 Nge7 13. Qh5 Ng6 14. Bxg6 fxg6 15. Qxg6+ hxg6 16. Rxh8+ Kf7 17. Rxd8 Rxd8 18. Nd2 Rh8 19. Nb3 Rh1+ 20. Ke2 Nd8 21. Ba3 Bb5+ 22. Kd2 Rxa1 23. Nxa1 Ba4 24. Bc5 b5 25. Nc2 Bxc2 26. Kxc2 Nc6 27. Kb3 Ke8 28. Ka3 Kf7 1/2-1/2

[Event "Cali qual"]
[Site "Cali"]
[Date "2008.05.03"]
[Round "5"]
[White "Alvarez Lora, Amaury Antonio"]
[Black "Carvajal, Nolberto"]
[Result "1/2-1/2"]
[WhiteElo "2109"]
[BlackElo "2296"]
[PlyCount "78"]
[EventDate "2008.05.01"]
[EventType "swiss"]
[EventRounds "9"]
[EventCountry "COL"]
[SourceTitle "CBM 124 Extra"]
[Source "ChessBase"]
[SourceDate "2008.07.03"]
[SourceVersion "1"]
[SourceVersionDate "2008.07.03"]
[SourceQuality "1"]

1. e4 c5 2. Nf3 d6 3. d4 cxd4 4. Nxd4 Nf6 5. Nc3 g6 6. Be3 Bg7 7. f3 0-0 8. Qd2 Nc6 9. Bc4 Bd7 10. 0-0-0 Rc8 11. Bb3 Ne5 12. Kb1 Re8 13. Qf2 a5 14. Ndb5 Bxb5 15. Nxb5 a4 16. Bxa4 Qa5 17. b3 Nc4 18. Bd4 Rf8 19. h4 Ra8 20. Qe1 Rfc8 21. Qxa5 Rxa5 22. Ka1 Nh5 23. Bxg7 Kxg7 24. g4 Nf4 25. Rh2 Nb6 26. Rd4 Nxa4 27. bxa4 Rca8 28. Nc3 Ne6 29. Rb4 Nc5 30. Rh1 Nxa4 31. Nxa4 Rxa4 32. Rxa4 Rxa4 33. Rb1 Ra7 34. Rb5 Kf6 35. Rb1 Kg7 36. Rb5 Kf6 37. Kb2 Ke6 38. Kb3 Kd7 39. a4 Kc6 1/2-1/2

[Event "Cali qual"]
[Site "Cali"]
[Date "2008.05.03"]
[Round "4"]
[White "Carvajal, Nolberto"]
[Black "Arenas Vanegas, David"]
[Result "1/2-1/2"]
[WhiteElo "2296"]
[BlackElo "2196"]
[PlyCount "55"]
[EventDate "2008.05.01"]
[EventType "swiss"]
[EventRounds "9"]
[EventCountry "COL"]
[SourceTitle "CBM 124 Extra"]
[Source "ChessBase"]
[SourceDate "2008.07.03"]
[SourceVersion "1"]
[SourceVersionDate "2008.07.03"]
[SourceQuality "1"]

1. e4 c5 2. Nf3 d6 3. d4 Nf6 4. Nc3 cxd4 5. Qxd4 Nc6 6. Bb5 Bd7 7. Bxc6 Bxc6 8. Bg5 e6 9. 0-0-0 Be7 10. Rhe1 0-0 11. e5 dxe5 12. Qh4 Qb6 13. Nxe5 Rfd8 14. Ng4 Nxg4 15. Bxe7 Rxd1+ 16. Nxd1 Nh6 17. Ne3 Qa5 18. Rd1 Qxa2 19. Ba3 f6 20. Qb4 Bxg2 21. Qe7 Bc6 22. Rd8+ Rxd8 23. Qxd8+ Kf7 24. Qc7+ Kg6 25. Qg3+ Kh5 26. Qh3+ Kg6 27. Qg3+ Kf7 28. Qc7+ 1/2-1/2

[Event "Cali op-A"]
[Site "Cali"]
[Date "2002.12.21"]
[Round "5"]
[White "Mosquera Klinger, Miguel Alonso"]
[Black "Carvajal, Nolberto"]
[Result "1-0"]
[WhiteElo "2384"]
[BlackElo "2302"]
[PlyCount "112"]
[EventDate "2002.11.19"]
[EventType "swiss"]
[EventRounds "8"]
[EventCountry "COL"]
[SourceTitle "EXT 2004"]
[Source "ChessBase"]
[SourceDate "2003.11.25"]
[SourceVersion "1"]
[SourceVersionDate "2003.11.25"]
[SourceQuality "1"]

1. e4 c5 2. c3 Nf6 3. e5 Nd5 4. d4 e6 5. Nf3 cxd4 6. cxd4 d6 7. Bc4 Be7 8. 0-0 0-0 9. Nbd2 Nf4 10. exd6 Bxd6 11. Ne4 Nc6 12. Be3 b6 13. Qd2 Ng6 14. Rfd1 Be7 15. d5 exd5 16. Bxd5 Bb7 17. b4 Bxb4 18. Qb2 Qe8 19. Bh6 Nge5 20. Nxe5 Qxe5 21. Qxe5 Nxe5 22. Bxb7 Rab8 23. Bf4 Rxb7 24. Bxe5 Re7 25. Rd4 a5 26. a3 Bxa3 27. Rxa3 Rxe5 28. f4 Rb5 29. Kf2 Rb2+ 30. Kf3 h6 31. Rc3 b5 32. Rc7 a4 33. Ra7 Rb3+ 34. Ke2 Re8 35. Kd1 Re3 36. Nd6 Re1+ 37. Kc2 R8e2+ 38. Rd2 b4 39. Rxe2 Rxe2+ 40. Kd3 b3 41. Rxa4 Rxg2 42. Ra8+ Kh7 43. Nxf7 b2 44. Rb8 Kg6 45. Ne5+ Kf5 46. Ke3 Rxh2 47. Nf3 Rh3 48. Rxb2 g5 49. fxg5 hxg5 50. Rb5+ Kf6 51. Ke4 g4 52. Rb6+ Ke7 53. Ne5 Rh1 54. Nxg4 Kd7 55. Ne5+ Kc7 56. Rc6+ Kb7 1-0

[Event "Cali op-A"]
[Site "Cali"]
[Date "2002.12.20"]
[Round "4"]
[White "Carvajal, Nolberto"]
[Black "Guerrero, Ever"]
[Result "1-0"]
[WhiteElo "2302"]
[BlackElo "2194"]
[PlyCount "59"]
[EventDate "2002.11.19"]
[EventType "swiss"]
[EventRounds "8"]
[EventCountry "COL"]
[SourceTitle "EXT 2004"]
[Source "ChessBase"]
[SourceDate "2003.11.25"]
[SourceVersion "1"]
[SourceVersionDate "2003.11.25"]
[SourceQuality "1"]

1. e4 d6 2. d4 Nf6 3. Nc3 e5 4. dxe5 dxe5 5. Qxd8+ Kxd8 6. Bg5 c6 7. Bc4 Bb4 8. Bxf7 Kc7 9. f3 Na6 10. Nge2 Rf8 11. Bc4 b5 12. Bd3 Nc5 13. 0-0 Ne6 14. Be3 Ba5 15. Nd1 Kb7 16. a4 Bd7 17. c3 a6 18. Bc2 Bb6 19. Bf2 c5 20. Ne3 Bc6 21. Rfd1 Rfd8 22. Nf5 Rxd1+ 23. Rxd1 Rd8 24. Nd6+ Kc7 25. Nf7 Rxd1+ 26. Bxd1 bxa4 27. Nxe5 Bb5 28. c4 Be8 29. Nc3 a3 30. bxa3 1-0

[Event "Cali op 5th"]
[Site "Cali"]
[Date "2001.12.21"]
[Round "9"]
[White "Soto Vega, Jorge"]
[Black "Carvajal, Nolberto"]
[Result "1/2-1/2"]
[WhiteElo "2386"]
[BlackElo "2302"]
[PlyCount "48"]
[EventDate "2001.12.17"]
[EventType "swiss"]
[EventRounds "9"]
[EventCountry "COL"]
[SourceTitle "EXT 2003"]
[Source "ChessBase"]
[SourceDate "2002.11.25"]
[SourceVersion "1"]
[SourceVersionDate "2002.11.25"]
[SourceQuality "1"]

1. e4 c5 2. Nf3 Nc6 3. Bb5 e6 4. 0-0 Nge7 5. Re1 a6 6. Bf1 d5 7. exd5 Nxd5 8. a4 Be7 9. Na3 0-0 10. c3 b6 11. Nc4 Bb7 12. d4 cxd4 13. Nxd4 Nxd4 14. Qxd4 Qc7 15. Qg4 Bf6 16. Qg3 Qxg3 17. hxg3 Rfd8 18. Be3 Nxe3 19. Rxe3 b5 20. Ne5 bxa4 21. Rxa4 Rd1 22. Rb4 Bd5 23. c4 a5 24. Ra4 Bb7 1/2-1/2

[Event "Cali op 5th"]
[Site "Cali"]
[Date "2001.12.20"]
[Round "7"]
[White "Alzate, Dario"]
[Black "Carvajal, Nolberto"]
[Result "1-0"]
[WhiteElo "2430"]
[BlackElo "2279"]
[PlyCount "75"]
[EventDate "2001.12.17"]
[EventType "swiss"]
[EventRounds "9"]
[EventCountry "COL"]
[SourceTitle "EXT 2003"]
[Source "ChessBase"]
[SourceDate "2002.11.25"]
[SourceVersion "1"]
[SourceVersionDate "2002.11.25"]
[SourceQuality "1"]

1. d4 d5 2. Nf3 Nf6 3. c4 c6 4. e3 e6 5. Nbd2 Nbd7 6. Bd3 Bd6 7. e4 dxe4 8. Nxe4 Nxe4 9. Bxe4 Nf6 10. Bc2 Qc7 11. 0-0 b6 12. Re1 Bb7 13. Qe2 0-0-0 14. a3 h6 15. b4 c5 16. dxc5 bxc5 17. Bb2 Nh5 18. bxc5 Nf4 19. Qf1 Qxc5 20. Be4 Bxe4 21. Rxe4 Qc6 22. Re3 Bc5 23. Rb3 f6 24. Rb1 e5 25. g3 e4 26. Nd4 Bxd4 27. Bxd4 Rxd4 28. Rb8+ Kc7 29. Rxh8 Ne6 30. Qe1 Qa4 31. h4 f5 32. Qe2 Qxa3 33. Re8 Kd6 34. Qh5 Nc7 35. Rd8+ Ke5 36. Rxd4 Kxd4 37. Qxf5 Qd3 38. Rc1 1-0

[Event "Cali op 5th"]
[Site "Cali"]
[Date "2001.12.18"]
[Round "3"]
[White "Carvajal, Nolberto"]
[Black "Castaneda, Carlos"]
[Result "1-0"]
[WhiteElo "2279"]
[BlackElo "2175"]
[PlyCount "51"]
[EventDate "2001.12.17"]
[EventType "swiss"]
[EventRounds "9"]
[EventCountry "COL"]
[SourceTitle "EXT 2003"]
[Source "ChessBase"]
[SourceDate "2002.11.25"]
[SourceVersion "1"]
[SourceVersionDate "2002.11.25"]
[SourceQuality "1"]

1. e4 c5 2. Nf3 Nc6 3. d4 cxd4 4. Nxd4 g6 5. Nc3 Bg7 6. Be3 Nf6 7. Be2 0-0 8. 0-0 d6 9. Kh1 Bd7 10. f4 Rc8 11. g4 Na5 12. g5 Rxc3 13. gxf6 Bxf6 14. bxc3 Qc7 15. Qd2 Rc8 16. f5 Nc4 17. Bxc4 Qxc4 18. Bg5 Be5 19. Bxe7 Qxc3 20. Qxc3 Rxc3 21. Rad1 Rc4 22. Nf3 Bc6 23. Nxe5 dxe5 24. fxg6 Bxe4+ 25. Kg1 Bxg6 26. Rd8+ 1-0

[Event "Cali op 5th"]
[Site "Cali"]
[Date "2001.12.18"]
[Round "2"]
[White "Carvajal, Nolberto"]
[Black "Uribe, Mauricio"]
[Result "0-1"]
[WhiteElo "2279"]
[BlackElo "2337"]
[PlyCount "64"]
[EventDate "2001.12.17"]
[EventType "swiss"]
[EventRounds "9"]
[EventCountry "COL"]
[SourceTitle "EXT 2003"]
[Source "ChessBase"]
[SourceDate "2002.11.25"]
[SourceVersion "1"]
[SourceVersionDate "2002.11.25"]
[SourceQuality "1"]

1. e4 e6 2. d4 d5 3. Nc3 Bb4 4. e5 Ne7 5. a3 Bxc3+ 6. bxc3 c5 7. Nf3 b6 8. Bb5+ Bd7 9. Bd3 Ba4 10. h4 h6 11. h5 c4 12. Bf1 Kd7 13. g3 Qg8 14. Bf4 Qh7 15. Ra2 Na6 16. Bh3 Nc7 17. Kf1 Raf8 18. Nh2 Kc8 19. Ng4 Kb7 20. Ne3 g5 21. hxg6 fxg6 22. Bg2 Qg7 23. Ng4 Ng8 24. Kg1 h5 25. Nf6 g5 26. Be3 Nxf6 27. exf6 Qg6 28. Qd2 Rhg8 29. Qe2 h4 30. Qxc4 Bxc2 31. Qe2 Bd3 32. Qg4 Rxf6 0-1